[Event "II Memorial Milan Vidmar"]
[Site "Lubiana YUG"]
[Date "1973.04.??"]
[Round "6"]
[White "Tatai, Stefano"]
[Black "Minic, Dragoljub"]
[WhiteElo "2460"]
[BlackElo "2460"]
[Result "1/2-1/2"]
[PlyCount "56"]
[EventDate "1973.04.03"]

1. e4 c5 2. Nf3 d6 3. d4 cxd4 4. Nxd4 Nf6 5. Nc3 a6 6. Bg5 e6 7. f4 Be7 8. Qf3
h6 9. Bh4 Nbd7 10. O-O-O Qc7 11. Bd3 g5 12. fxg5 Ne5 13. Qe2 Nh7 14. Nf3 hxg5
15. Bf2 Nf8 16. Nxe5 dxe5 17. Be3 Bd7 18. Rdf1 Rh7 19. Kb1 b5 20. Nd1 Bc6 21.
Qg4 O-O-O 22. h4 gxh4 23. Qg8 Be8 24. g3 h3 25. Qg4 Nd7 26. Qg8 Nf8 27. Qg4 Nd7
28. Qg8 Nf8 1/2-1/2

[Event "II Memorial Milan Vidmar"]
[Site "Lubiana YUG"]
[Date "1973.04.??"]
[Round "8"]
[White "Planinec, Albin"]
[Black "Tatai, Stefano"]
[WhiteElo "2520"]
[BlackElo "2460"]
[Result "1/2-1/2"]
[PlyCount "115"]
[EventDate "1973.04.03"]

1. e4 e6 2. d4 d5 3. Nc3 Bb4 4. e5 c5 5. a3 Bxc3+ 6. bxc3 Ne7 7. Nf3 Qc7 8. Bd3
b6 9. O-O Ba6 10. Ng5 Bxd3 11. cxd3 cxd4 12. Qh5 g6 13. Qf3 Nec6 14. Re1 Qe7
15. c4 h6 16. cxd5 hxg5 17. dxc6 Na6 18. Qg4 Rh5 19. Qxd4 Rd8 20. Qc4 Nc7 21.
a4 Qc5 22. Ba3 Qxc4 23. dxc4 Rh4 24. Bd6 Rc8 25. Rec1 a5 26. g3 Rd4 27. Rab1
Na8 28. c7 Nxc7 29. Rxb6 Nd5 30. Ra6 Rdxc4 31. Rxc4 Rxc4 32. Rxa5 Nb6 33. Rb5
Nc8 34. Rb8 Kd7 35. Rb7+ Ke8 36. Bb4 Na7 37. Re7+ Kf8 38. Bd6 Nc8 39. Rc7+ Nxd6
40. exd6 Rd4 41. d7 Ke7 42. d8=Q+ Kxd8 43. Rxf7 Rxa4 44. Kg2 Ra5 45. Kh3 Ke8
46. Rf6 Ke7 47. Rxg6 Kf7 48. Rh6 Ra4 49. f3 Rb4 50. g4 e5 51. Rh7+ Kf6 52. Rh8
Kf7 53. Rh7+ Kf6 54. Rh6+ Kf7 55. Ra6 e4 56. Ra7+ Kg6 57. Ra6+ Kg7 58. fxe4
1/2-1/2

[Event "II Memorial Milan Vidmar"]
[Site "Lubiana YUG"]
[Date "1973.04.??"]
[Round "16"]
[White "Smejkal, Jan"]
[Black "Tatai, Stefano"]
[WhiteElo "2545"]
[BlackElo "2460"]
[Result "1-0"]
[PlyCount "27"]
[EventDate "1973.04.03"]

1. d4 Nf6 2. c4 c5 3. d5 e6 4. Nc3 exd5 5. cxd5 d6 6. Nf3 g6 7. g3 Bg7 8. Bg2
Ke7 9. O-O a6 10. a4 Nbd7 11. Nd2 Rb8 12. Nc4 Nb6 13. Nxd6 Bg4 14. a5 1-0